Basic JetPunk Geography Knowledge in a Map - Statistics

General Stats
  • This quiz has been taken 326 times
  • The average score is 29 of 50
Answers on the Map
Answers color-coded by a green-red scale on the quiz's map according to % correct below.
 
Answer Stats
Group Answer % Correct
Countries Brazil
96%
Countries Australia
93%
Countries France
93%
Countries China
92%
Flags India
91%
Flags Russia
91%
U.S. States Texas
90%
U.S. States Alaska
89%
U.S. States California
89%
Flags Peru
87%
Countries Egypt
86%
U.S. States Florida
83%
U.S. States New York
83%
Famous Cities New York City
83%
Flags Algeria
77%
Flags New Zealand
77%
Not recognized by the UN Taiwan
77%
Famous Cities Rio de Janeiro
75%
Capitals Tokyo
73%
Capitals Washington D.C.
73%
Capitals Buenos Aires
71%
Territories Greenland
68%
Famous Cities Istanbul
66%
Not recognized by the UN Kosovo
66%
Capitals Ottawa
65%
Not recognized by the UN SADR
61%
Capitals Jakarta
57%
Famous Cities Sydney
57%
Not recognized by the UN Palestine
54%
Oceans & Seas Pacific Ocean
53%
Oceans & Seas Indian Ocean
50%
Parts of the world Central America
49%
Not recognized by the UN Somaliland
40%
Territories Faroe Islands
33%
Territories French Guiana
33%
Parts of the world Horn of Africa
33%
Islands Hispaniola
32%
Oceans & Seas Mediterranean Sea
32%
Islands Iceland
31%
Parts of the world West Africa
31%
Parts of the world Galapagos
30%
Islands Madagascar
28%
Territories Puerto Rico
28%
Oceans & Seas Caspian Sea
26%
Famous Cities Lagos
25%
Islands Borneo
23%
Oceans & Seas Baltic Sea
22%
Parts of the world South Asia
18%
Territories Guam
17%
Islands Tasmania
17%
No matching quizzes found
Score Distribution
Percent of People with Each Score
Percentile by Number Answered
Your Score History
You have not taken this quiz